000 00524cam a2200193ua 4500
001 592
005 20260515113207.0
008 110409n ii |||gr||||Z||||||eng
040 _cMAIN
082 _a320.011
245 _aRajnaitik tatta aru rajniti bigyanar mul dharanahomuh.
_cBy Apurba Kumar Barua.
250 _a1st.
260 _aGowahati.:
_bPurbanchal prakash.,989.
300 _a252 p.:5 cm.
653 _aPolitical science.
653 _aRajniti bigyanar dharana
700 1 _aBaruah, Apurba Kumar.,
942 _cBK
999 _c526
_d526